|
|
|
|
| LEADER |
00000nam a22000007a 4500 |
| 005 |
20160620134742.0 |
| 007 |
cr|||| ||u| |
| 008 |
160620s2016 spa||||| |||| 00||0 spa d |
| 020 |
|
|
|a 978-84-9085-631-4
|
| 035 |
|
|
|a 14318
|
| 040 |
|
|
|a vLex
|
| 090 |
|
|
|c 6192
|d 6192
|
| 100 |
1 |
|
|a Garca̕ San Martn̕, Jern̤imo
|
| 245 |
1 |
0 |
|a Las Medidas Alternativas al cumplimiento de las Penas Privativas de Libertad
|h [Recurso electronico] /
|c Jern̤imo Garca̕ San Martn̕
|
| 256 |
|
|
|a Servicio en linea
|
| 260 |
|
|
|a Madrid
|b Dykinson
|c 2016
|
| 300 |
|
|
|a 1 recurso electronico
|
| 506 |
1 |
|
|a Conten solo disponible en los productos indcados
|d vLex Global
|d vLex Global (Academic Edition, excluding Law Schools)
|d vLex Global (U.S. Academic Edition, Law Schools)
|d vLex Global (U.S. Academic Edition, excluding Law Schools)
|d vLex Global (Academic Edition, Law Schools)
|
| 650 |
0 |
4 |
|a Libertad
|b Madrid
|
| 740 |
0 |
|
|a vLex servicio en linea
|
| 856 |
4 |
0 |
|u http://vlex.com/source/medidas-alternativas-cumplimiento-penas-privativas-libertad-14318
|z Acceso restringido
|
| 942 |
|
|
|c BOOK
|
| 999 |
0 |
|
|a Law
|b Madrid
|